<?xml version="1.0" encoding="UTF-8"?>
<record
    xmlns:xsi="http://www.w3.org/2001/XMLSchema-instance"
    xsi:schemaLocation="http://www.loc.gov/MARC21/slim http://www.loc.gov/standards/marcxml/schema/MARC21slim.xsd"
    xmlns="http://www.loc.gov/MARC21/slim">

  <leader>01495nam a22002177a 4500</leader>
  <datafield tag="999" ind1=" " ind2=" ">
    <subfield code="c">96968</subfield>
    <subfield code="d">96968</subfield>
  </datafield>
  <controlfield tag="003">NALT</controlfield>
  <controlfield tag="005">20240315140348.0</controlfield>
  <controlfield tag="008">200604b        th ||||| |||| 00| 0 tha d</controlfield>
  <datafield tag="040" ind1=" " ind2=" ">
    <subfield code="a">NALT</subfield>
  </datafield>
  <datafield tag="050" ind1=" " ind2=" ">
    <subfield code="a">LB 1060</subfield>
    <subfield code="b">&#xE02;637&#xE01; 2561</subfield>
  </datafield>
  <datafield tag="100" ind1="0" ind2=" ">
    <subfield code="a">&#xE40;&#xE02;&#xE21;&#xE13;&#xE31;&#xE0F;&#xE10;&#xE4C; &#xE21;&#xE34;&#xE48;&#xE07;&#xE28;&#xE34;&#xE23;&#xE34;&#xE18;&#xE23;&#xE23;&#xE21;.</subfield>
    <subfield code="9">45133</subfield>
  </datafield>
  <datafield tag="245" ind1="1" ind2="0">
    <subfield code="a">&#xE01;&#xE32;&#xE23;&#xE1E;&#xE31;&#xE12;&#xE19;&#xE32;&#xE15;&#xE49;&#xE19;&#xE41;&#xE1A;&#xE1A;&#xE41;&#xE2B;&#xE25;&#xE48;&#xE07;&#xE17;&#xE23;&#xE31;&#xE1E;&#xE22;&#xE32;&#xE01;&#xE23;&#xE01;&#xE32;&#xE23;&#xE40;&#xE23;&#xE35;&#xE22;&#xE19;&#xE23;&#xE39;&#xE49;&#xE2D;&#xE2D;&#xE19;&#xE44;&#xE25;&#xE19;&#xE4C;&#xE43;&#xE19;&#xE23;&#xE30;&#xE1A;&#xE1A;&#xE40;&#xE1B;&#xE34;&#xE14;&#xE40;&#xE1E;&#xE37;&#xE48;&#xE2D;&#xE1E;&#xE31;&#xE12;&#xE19;&#xE32;&#xE17;&#xE31;&#xE01;&#xE29;&#xE30;&#xE0A;&#xE35;&#xE27;&#xE34;&#xE15;&#xE14;&#xE49;&#xE32;&#xE19;&#xE01;&#xE32;&#xE23;&#xE43;&#xE0A;&#xE49;&#xE2A;&#xE37;&#xE48;&#xE2D;&#xE40;&#xE17;&#xE04;&#xE42;&#xE19;&#xE42;&#xE25;&#xE22;&#xE35;&#xE2A;&#xE33;&#xE2B;&#xE23;&#xE31;&#xE1A;&#xE40;&#xE14;&#xE47;&#xE01;&#xE17;&#xE35;&#xE48;&#xE21;&#xE35;&#xE04;&#xE27;&#xE32;&#xE21;&#xE1A;&#xE01;&#xE1E;&#xE23;&#xE48;&#xE2D;&#xE07;&#xE17;&#xE32;&#xE07;&#xE01;&#xE32;&#xE23;&#xE44;&#xE14;&#xE49;&#xE22;&#xE34;&#xE19; /</subfield>
    <subfield code="c">&#xE40;&#xE02;&#xE21;&#xE13;&#xE31;&#xE0F;&#xE10;&#xE4C; &#xE21;&#xE34;&#xE48;&#xE07;&#xE28;&#xE34;&#xE23;&#xE34;&#xE18;&#xE23;&#xE23;&#xE21;, &#xE01;&#xE23;&#xE23;&#xE13; &#xE08;&#xE23;&#xE23;&#xE22;&#xE32;&#xE27;&#xE38;&#xE12;&#xE34;&#xE27;&#xE23;&#xE23;&#xE13;&#xE4C;.</subfield>
  </datafield>
  <datafield tag="260" ind1=" " ind2=" ">
    <subfield code="a">&#xE19;&#xE19;&#xE17;&#xE1A;&#xE38;&#xE23;&#xE35; :</subfield>
    <subfield code="b">&#xE21;&#xE2B;&#xE32;&#xE27;&#xE34;&#xE17;&#xE22;&#xE32;&#xE25;&#xE31;&#xE22;&#xE2A;&#xE38;&#xE42;&#xE02;&#xE17;&#xE31;&#xE22;&#xE18;&#xE23;&#xE23;&#xE21;&#xE32;&#xE18;&#xE34;&#xE23;&#xE32;&#xE0A;,</subfield>
    <subfield code="c">2563.</subfield>
  </datafield>
  <datafield tag="300" ind1=" " ind2=" ">
    <subfield code="a">102 &#xE2B;&#xE19;&#xE49;&#xE32; :</subfield>
    <subfield code="b">&#xE20;&#xE32;&#xE1E;&#xE1B;&#xE23;&#xE30;&#xE01;&#xE2D;&#xE1A; ;</subfield>
    <subfield code="c">29 &#xE0B;&#xE21;. </subfield>
  </datafield>
  <datafield tag="650" ind1=" " ind2="0">
    <subfield code="a">&#xE01;&#xE32;&#xE23;&#xE40;&#xE23;&#xE35;&#xE22;&#xE19;&#xE23;&#xE39;&#xE49;</subfield>
    <subfield code="9">4287</subfield>
  </datafield>
  <datafield tag="650" ind1=" " ind2="4">
    <subfield code="9">45185</subfield>
    <subfield code="a">&#xE40;&#xE14;&#xE47;&#xE01;&#xE17;&#xE35;&#xE48;&#xE21;&#xE35;&#xE04;&#xE27;&#xE32;&#xE21;&#xE1A;&#xE01;&#xE1E;&#xE23;&#xE48;&#xE2D;&#xE07;&#xE17;&#xE32;&#xE07;&#xE01;&#xE32;&#xE23;&#xE44;&#xE14;&#xE49;&#xE22;&#xE34;&#xE19;</subfield>
    <subfield code="x">&#xE01;&#xE32;&#xE23;&#xE40;&#xE23;&#xE35;&#xE22;&#xE19;&#xE23;&#xE39;&#xE49;</subfield>
  </datafield>
  <datafield tag="850" ind1=" " ind2=" ">
    <subfield code="a">NALT</subfield>
  </datafield>
  <datafield tag="942" ind1=" " ind2=" ">
    <subfield code="c">RSH</subfield>
    <subfield code="2">lcc</subfield>
  </datafield>
  <datafield tag="998" ind1=" " ind2=" ">
    <subfield code="a">bijaya</subfield>
    <subfield code="b">phon</subfield>
    <subfield code="c">phon</subfield>
    <subfield code="j">1020</subfield>
    <subfield code="k"> &#xE08;&#xE33;&#xE40;&#xE23;&#xE35;&#xE22;&#xE07;  &#xE23;&#xE30;&#xE27;&#xE31;&#xE07;&#xE2A;&#xE33;&#xE42;&#xE23;&#xE07;</subfield>
  </datafield>
  <datafield tag="952" ind1=" " ind2=" ">
    <subfield code="0">0</subfield>
    <subfield code="1">0</subfield>
    <subfield code="2">lcc</subfield>
    <subfield code="4">0</subfield>
    <subfield code="7">0</subfield>
    <subfield code="8">CRSH</subfield>
    <subfield code="a">NALT</subfield>
    <subfield code="b">NALT</subfield>
    <subfield code="d">2020-06-04</subfield>
    <subfield code="l">0</subfield>
    <subfield code="o">&#xE27; LB 1060 &#xE02;637&#xE01; 2561</subfield>
    <subfield code="p">3961210576</subfield>
    <subfield code="r">2020-06-11 00:00:00</subfield>
    <subfield code="w">2020-06-04</subfield>
    <subfield code="y">RSH</subfield>
  </datafield>
</record>
